000 01244cam a22002771i 4500
003 SA-RiAUC
005 20241113082636.0
008 241113s2007 mr g f000 0 ara c
040 _aSA-RiIMS
_bara
_cSA-RiAUC
_erda
082 0 4 _a258.2
090 _a258.2
_bق ا ض
100 1 _aالقاضي عبد الوهاب، عبد الوهاب بن علي بن نصر،
_d362-422 هجري
_eمؤلف.
245 1 0 _aشرح الرسالة /
_cالقاضي عبد الوهاب بن علي بن نصر البغدادي ؛ اعتنى به أحمد بن علي الدمياطي.
250 _aالطبعة الأولى.
264 1 _aالمغرب :
_bمركز التراث الثقافي المغربي،
_c2007
300 _a2 مجلد ؛
_c24 سم
336 _aنص
_btxt
_2rdacontent
_3كتاب
337 _aبدون وسيط
_bn
_2rdamedia
338 _aمجلد
_bnc
_2rdacarrier
650 7 _aالفقه المالكي
_2aucsh
700 1 _aالدمياطي، أحمد بن علي
_eمراجع.
700 1 2 _aابن أبي زيد القيرواني، عبد الله بن عبد الرحمن بن أبي زيد،
_d310-386 هجرى
740 0 2 _aرسالة القيرواني.
942 _2ddc
_cBOOK
949 _aSA-JeALM
_d241113
_ukhaled123
_n1
999 _c2319
_d2319